| 000 | 00572nam a2200181 a 4500 | ||
|---|---|---|---|
| 001 | ASIN0718177517 | ||
| 005 | 20170105102849.0 | ||
| 008 | 130820s2012 xxu eng d | ||
| 020 | _a0718177517 (hardcover) | ||
| 020 | _a9780718177515 (hardcover) | ||
| 040 | _a0 | ||
| 100 | 1 | _aMaurer, Mark Owen With Kevin. | |
| 245 | 1 | 0 |
_aNo easy day / _cMark Owen With Kevin Maurer. |
| 260 |
_a[S.l.] : _bPENGUIN BOOKS, _c2012. |
||
| 300 |
_a1 v. (unpaged) ; _c24 cm. |
||
| 856 | 4 | 0 |
_3Amazon.com _uhttp://www.amazon.com/exec/obidos/ASIN/0718177517/chopaconline-20 |
| 942 |
_2ddc _cBK |
||
| 999 |
_c14193 _d14193 |
||